Statistics for Top Destinations from Taipei-Taoyuan Airport (TPE)

Click here to take the quiz!

General Stats

  • This quiz has been taken 191 times
    (131 since last reset)
  • The average score is 13 of 15

Answer Stats

PassengersAnswer% Correct
6,885,755Hong Kong
98%
1,781,930Shanghai Pudong
98%
2,181,632Seoul Incheon
97%
2,882,000Tokyo Narita
97%
1,632,545Singapore
95%
1,341,365Bangkok Suvarnabhumi
93%
1,085,474Manila
93%
2,750,420Osaka Kansai
90%
1,029,268Los Angeles
84%
914,063Kuala Lumpur
83%
825,017San Francisco
79%
1,055,157Ho Chi Minh City
73%
788,096Fukuoka
65%
929,191Naha
55%
1,298,151Macau
51%

Score Distribution

Percentile by Number Answered

Percent of People with Each Score

Your Score History

You have not taken this quiz since the last reset